[Event "USA-ch Juniors 2017"]
[Site "Saint Louis"]
[Date "2017.07.17"]
[Round "9"]
[White "Colas, Joshua"]
[Black "Li, Ruifeng"]
[Result "0-1"]
[WhiteElo "2366"]
[BlackElo "2568"]
[Annotator "TA"]
[PlyCount "106"]
[EventDate "2017.??.??"]
[EventType "tourn"]
[EventCountry "USA"]
[SourceTitle "playchess.com"]
[Source "ChessBase"]
[SourceQuality "1"]

{[%evp 15,106,41,37,5,29,-2,26,22,24,19,39,21,33,26,75,61,70,0,0,-7,0,0,-9,-40,-50,-67,-73,-83,-94,-82,-47,-93,-48,-46,-40,-57,-44,-68,-55,-83,62,67,61,83,72,80,66,70,48,38,37,0,0,0,0,0,0,0,0,0,0,0,0,0,0,0,0,-110,-110,-71,-87,-162,-138,-159,-162,-197,-139,-129,-14,-69,0,-8,0,-177,-177,-1417,-1450,-29991,-29992,-29994,-29994,-29995,-29996]} 1. d4 g6 2. Nf3 Bg7 3. g3 d5 4. Bg2 e6 5. O-O Ne7 6. c4 O-O 7. Qc2 Nbc6 {A13: English Opening: 1...e6} 8. Rd1 a5 {LiveBook: 10 Games} 9. a3 b6 {The position is equal.} 10. b3 Ba6 (10... a4 $5) 11. cxd5 exd5 12. Bb2 a4 $146 {...axb3 is the strong threat.} ({Predecessor:} 12... Re8 13. Nc3 Nf5 14. e3 Nce7 15. Rac1 {1-0 (61) Vaulin,A (2550)-Alienkin,A (2365) Budapest 1998}) 13. bxa4 Na5 14. Ne5 f6 15. Nd3 Qd7 16. Nc3 (16. Bc3 $14) 16... Bc4 $1 $36 {[%mdl 2048] Black has good play.} 17. Nc1 f5 18. e3 g5 {[%cal Bg6g5,Bg5f4,Bf4f3][%mdl 32] aiming for ...f4.} 19. N3e2 Ng6 20. Bh3 Qf7 $1 21. Rf1 f4 22. exf4 gxf4 {White must now prevent ...Rae8.} 23. Nd3 Bxd3 24. Qxd3 f3 25. Nc3 Nb3 26. Rae1 Nxd4 27. Kh1 c5 (27... Rad8 $1 $17) 28. Nxd5 $1 $14 Qxd5 {[#]} 29. Be6+ $1 {[%mdl 512]} Qxe6 (29... Nxe6 30. Qxd5) 30. Rxe6 Nxe6 31. Bxg7 $1 Nxg7 32. h4 Kh8 33. Qb5 {[%mdl 1024] White has compensation.} Rf6 34. Re1 $1 h5 35. Qd7 Kh7 36. Kh2 Raf8 37. Qc7 R8f7 38. Qd8 Rc6 39. a5 bxa5 40. Qxa5 Nf5 41. Qd8 (41. Qb5 $11 {remains equal.} Rcc7 42. a4) 41... Nh6 $1 $17 42. Qd5 Rcc7 $1 43. Rc1 (43. Kg1 $17 {might work better.}) 43... Rf5 $19 44. Qd6 Re7 $1 45. a4 {[#]} Ng4+ ({Black should play} 45... c4 $1 $19 46. Kg1 (46. Rxc4 Ng4+) 46... Ng4) 46. Kg1 $17 {[#]} Re2 (46... c4 $1 $17 {White should prevent ...Rff7.} 47. Qb4 (47. Rxc4 Re1#) 47... Re2) 47. Rf1 $1 $11 Kh6 ({Black should try} 47... N6e5 $15) 48. a5 c4 49. a6 $2 (49. Qa3 $11 {and White stays safe.}) 49... Ra5 $19 50. Qc6 $2 {[#]} (50. Qd4) 50... Nxf2 $1 {[%mdl 512]} 51. g4 (51. Rxf2 Ra1+) 51... hxg4 {[%cal Bh5g4,Bg4g3][%mdl 32] Black mates.} 52. a7 Nh3+ 53. Kh1 g3 {Precision: White = 61%, Black = 60%.} 0-1

[Event "USA-ch Juniors 2017"]
[Site "Saint Louis"]
[Date "2017.07.17"]
[Round "9"]
[White "Brattain, Mika A"]
[Black "Troff, Kayden W"]
[Result "1-0"]
[WhiteElo "2364"]
[BlackElo "2472"]
[Annotator "TA"]
[PlyCount "61"]
[EventDate "2017.??.??"]
[EventType "tourn"]
[EventCountry "USA"]
[SourceTitle "playchess.com"]
[Source "ChessBase"]
[SourceQuality "1"]

{[%evp 21,61,-4,0,-20,-8,-16,-11,-8,39,49,50,38,53,47,38,32,28,35,29,-91,0,13,211,202,199,200,202,180,202,192,186,215,293,192,145,204,176,154,164,73,1775,1784]} 1. Nf3 Nf6 2. c4 g6 3. Nc3 d5 4. cxd5 Nxd5 5. Qb3 Nb6 6. d4 Bg7 7. e4 Bg4 {D90: Grünfeld: 4 Nf3 Bg7 sidelines} 8. Bb5+ c6 9. Ng5 O-O 10. Be2 Bxe2 11. Nxe2 Na6 {LiveBook: 22 Games} 12. Qh3 {[%csl Gg5][%cal Rh3h7]} h6 13. Nf3 Qd7 14. Qh4 {[#]} Kh7 $146 ({Predecessor:} 14... h5 15. h3 {0-1 (37) Fressinet,L (2714)-Sutovsky,E (2687) Istanbul 2012}) 15. O-O c5 {[%cal Rc5d4]} 16. d5 Nb4 17. Bg5 Rae8 18. Rad1 Nxa2 19. e5 Nxd5 20. Nf4 {[#]} (20. e6 $1 $11 {was the only way to keep the balance.} Qxe6 21. Bxh6 $1 {[%mdl 512]}) 20... Nab4 ({Black should play} 20... e6 $1 $17 21. Ne2 Nab4) 21. e6 $1 $11 {[%cal Re6d7]} Qd6 $2 (21... Qc6 $11 {and Black has nothing to worry.}) 22. exf7 $18 Rxf7 {[#]} 23. Bxh6 $1 $40 {[%mdl 640] White goes for the king.} Kg8 {[%cal Rf7f4] Hoping for ...Rxf4.} (23... Bxh6 24. Ng5+) 24. Bxg7 Rxg7 25. Nxd5 Nxd5 26. Rfe1 {[%cal Bf1e1,Be1e5,Be5d5][%mdl 32] Black must now prevent Re5.} Rf8 27. Re5 e6 {Threatens to win with ...Rxf3!} 28. Qe4 {[%mdl 1024] White has strong compensation.} Rf6 29. Ng5 Re7 30. g3 (30. h3 $18) 30... Qc6 $2 {[%mdl 8192]} (30... Rf5 $16 31. Rxf5 gxf5) 31. Rexd5 {Precision: White = 63%, Black = 36%.} 1-0

[Event "USA-ch Juniors 2017"]
[Site "Saint Louis"]
[Date "2017.07.17"]
[Round "9"]
[White "Liu, Bovey"]
[Black "Tang, Andrew"]
[Result "0-1"]
[WhiteElo "2228"]
[BlackElo "2478"]
[Annotator "TA"]
[PlyCount "98"]
[EventDate "2017.??.??"]
[EventType "tourn"]
[EventCountry "USA"]
[SourceTitle "playchess.com"]
[Source "ChessBase"]
[SourceQuality "1"]

{[%evp 19,98,52,58,31,32,40,50,43,39,34,44,33,30,37,54,41,52,39,57,56,56,63,69,59,56,28,47,41,50,50,57,26,29,24,26,0,-7,0,0,0,0,0,0,-48,-118,-81,0,-286,-329,-390,-168,-168,-107,-235,-243,-233,-223,-634,-633,-570,-625,-595,-597,-589,-579,-660,-660,-660,-660,-660,-660,-706,-706,-795,-792,-993,-882,-882,-882,-995,-985]} 1. e4 e5 2. Nf3 Nc6 3. Bc4 Nf6 4. d3 Be7 5. O-O O-O 6. Re1 d6 7. a4 Kh8 8. h3 {C55: Two Knights: 4 d3, 4 d4 exd4 5 e5 and Max Lange Attack} Ng8 9. Nc3 f5 10. Nd5 Bf6 {LiveBook: 9 Games} 11. c3 fxe4 12. dxe4 Nce7 13. Nxf6 $146 ({Predecessor:} 13. a5 a6 14. b4 Nxd5 15. Bxd5 Ne7 {½-½ (48) Fedorchuk,S (2634)-Bartel,M (2677) Lublin 2012}) 13... Nxf6 14. Ng5 {And now Nf7+ would win.} Qe8 15. Ne6 Bxe6 $1 16. Bxe6 Qg6 17. Bc4 h6 18. Qe2 Rae8 19. Bd3 Nh5 20. Qg4 Qf7 21. Be3 a6 22. Rad1 Nf6 {[%cal Bh5f6,Bf6h7,Bh7g5,Bg5f3][%mdl 32]} 23. Qe2 Ng6 24. Bc4 Qe7 25. Kh2 Nf4 26. Qc2 Nh7 27. g3 Ng5 28. gxf4 exf4 {Strongly threatening ...Nf3+.} 29. Bc1 $1 Nf3+ $40 {[%mdl 128] White needs to defend precisely.} 30. Kg2 Ne5 31. Bf1 Qh4 $1 32. Kh1 g5 (32... Rf6 $1 $17 {[%cal Rf6g6] Hoping for ...Rg6.} 33. b4 Rg6) 33. Rd5 $2 {[%mdl 8192]} (33. c4 $1 $11 Rf6 34. b3) 33... g4 $19 34. Rxe5 Rxe5 (34... dxe5 $142 35. Qe2 Rg8) 35. Qe2 Rg5 ({Stronger than} 35... gxh3 36. Qf3 $11) (35... Rf6 $1 $19 36. Qxg4 Qxf2) 36. Rd1 (36. Bd2 $17) 36... gxh3 {( -> ...h2)} 37. Qf3 Rg4 {[#]} 38. Bxh3 $2 (38. Be3 $1 {[%mdl 512]} c5 (38... fxe3 39. Qxf8+) 39. Bc1) 38... Rfg8 {Black is clearly winning.} 39. Kh2 {[#] intending Rh1.} Rg2+ $1 {[%mdl 512]} 40. Qxg2 Rxg2+ 41. Kxg2 {[#]} f3+ $1 {[%mdl 512]} 42. Kxf3 {Bf5 is the strong threat.} Qxh3+ {[%mdl 4096] Endgame KQ-KRB} 43. Ke2 Qg4+ 44. f3 Qg2+ 45. Ke3 h5 {[%cal Bh6h5,Bh5h4,Bh4h3,Bh3h2][%mdl 32]} 46. Bd2 h4 47. Be1 h3 48. Rd2 {[#]} Qxd2+ $1 {[%mdl 512]} 49. Bxd2 h2 {Precision: White = 46%, Black = 73%.} 0-1